000 00565nam a22002177a 4500
003 IIN
005 20250402153420.0
008 250402b |||adf|| |||| 001 0 eng d
020 _a9789354655760
_cRs.795.00
040 _aIIN
082 _a612.014
_bSHA
100 _aSharma, Suresh K.
245 _aTextbook of Biochemistry & Biophysics for Nurses
_cSuresh K. Sharma
250 _a2nd ed.
260 _aNew Delhi
_bJaypee
_c2023
300 _axxii, 322 p.
_bill.
500 _aIncludes Index
650 _aBiochemistry
650 _aBiophysics
942 _cBOOK
999 _c1722
_d1722